| 000 | 00436cam a2200181ua 4500 | ||
|---|---|---|---|
| 001 | 3396 | ||
| 008 | 161018n II |||gr||||Z||||||eng | ||
| 040 | _aMAIN | ||
| 041 | _aEnglish | ||
| 082 | _a809.21 SCU | ||
| 100 | _aSCUDDER, VIDA D. | ||
| 245 | _aMODERN ENGLISH POETS | ||
| 260 |
_aJAIPUR: _bPRIENTWELL, _c1988. |
||
| 300 |
_a349: _c24CM. |
||
| 653 | _aLives of English Poets | ||
| 700 |
_aSCUDDER, VIDA D., _eAUTHOR. |
||
| 942 | _cBK | ||
| 999 |
_c3384 _d3384 |
||